000 00306nam a22001457a 4500
008 230912b ||||| |||| 00| 0 eng d
020 _a0856488097
041 _aeng
080 _a521
082 _a521BRO
100 _a19
101 _aASTRO
245 _aORIGINS OF LIFE
_cBROOKS .J
942 _2udc
_cBK
999 _c60350
_d60350